000 02008nam0a22003851 4500
001 v19\rc\1827465
005 20250619135213.0
035 _a(NLR Aleph) 004923902
090 _a5607475
_c5607475
100 _a20071224d1908 |||y0rusy50 ca
101 0 _arus
102 _aRU
105 _aa z |||||
200 1 _aКурс элементарной статистики
_eПособие к лекциям. Ч. 1
_fА.Н. Анцыферов
210 _aХарьков
_cтип. Адольфа Дарре
_d1908
215 _a331 с.
_cтабл., диагр. в тексте и на отд. л.
_d25
300 _aВместо рукописи
300 _aВышла только ч. 1
311 _aПрил.: Краткий обзор данных международной статистики по динамике населения (шифр: 37.3.7.13(2))
320 _aБиблиогр.: "Указатель важнейших пособий при изучении статистики" (с. 321-323)
421 0 _11010#$arus
_12001#$aПрил.: Краткий обзор данных международной статистики по динамике населения
_1215##$a[2], 32 с.$cтабл., диагр.
_1899##$aNLR$j37.3.7.13(2)
_1899##$aRuMoRGB$jU 16/606
_1899##$aRuMoRGB$jU 483/128
_1899##$aБАН
_1899##$aНБ СПбГУ
_1899##$aНБ МГУ
_tПрил.: Краткий обзор данных международной статистики по динамике населения
532 1 3 _aКурс элементарной статистики
700 1 _aАнцыферов
_bА.Н.
_f1867-1943
_gАлексей Николаевич
801 0 _aRU
_bNLR
_gpsbo
801 0 _aRU
_bRuMoRGB
_2psbo
801 1 _aRU
_bProSoft-M
_2rusmarc
852 _aNLR
_j37.3.7.13(1)
899 _aRuMoRGB
_jU 16/606
899 _aRuMoRGB
_jU 483/128
899 _aБАН
899 _aНБ СПбГУ
899 _aНБ МГУ
942 _cBOOK
980 _aNB